Đang tải...
Human rights and social justice
| Tác giả chính: | |
|---|---|
| Định dạng: | Printed Book |
| Được phát hành: |
New Delhi, Deep & Deep Publications
1997
|
| Những chủ đề: |
| LEADER | 005630000a22001930004500 | ||
|---|---|---|---|
| 020 | |a 81-7100-848-8 | ||
| 022 | |a 30-07-2004 | ||
| 041 | |a English | ||
| 082 | |a 323.5 N7 | ||
| 100 | |a Sharma, Gokulesh | ||
| 245 | |a Human rights and social justice | ||
| 260 | |a New Delhi, Deep & Deep Publications | ||
| 260 | |c 1997 | ||
| 650 | |a Constitution | ||
| 650 | |a Fundamental rights | ||
| 650 | |a Social justice | ||
| 942 | |c BK | ||
| 999 | |c 147275 |d 147271 | ||
| 952 | |0 0 |1 0 |4 0 |6 323_500000000000000_N7 |7 0 |9 146041 |a SCC |b SCC |d 2017-10-11 |l 0 |o 323.5 N7 |p SCC08064 |r 2017-10-11 |w 2017-10-11 |y BK | ||